|
|
|
|
| LEADER |
00719nam a2200181Ia 4500 |
| 008 |
200110s9999||||xx |||||||||||||| ||und|| |
| 080 |
|
|
|a 304.6
|b GEO-U
|
| 100 |
|
|
|a George, Carl J and Mckinley, Daniel
|
| 245 |
|
0 |
|a Urban Ecology: In Search Of An Asphalt Rose
|
| 260 |
|
|
|a New York:
|b Mcgraw- Hill Book Company,
|c 1974
|
| 300 |
|
|
|a 181 p.
|f HB
|
| 500 |
|
|
|a General
|
| 650 |
|
|
|a Urban Ecology
|
| 700 |
|
|
|a Mckinley, Daniel
|
| 942 |
|
|
|c BK
|
| 999 |
|
|
|c 252449
|d 252449
|
| 952 |
|
|
|0 0
|1 0
|4 0
|6 304_600000000000000_GEOU
|7 0
|9 268373
|a SOC
|b SOC
|l 0
|o 304.6 GEO-U
|p SOC2260
|r 2020-01-14
|w 2020-01-14
|y BK
|
| 952 |
|
|
|0 0
|1 0
|2 ddc
|4 0
|6 304_600000000000000_GEO_U
|7 0
|8 NFIC
|9 325059
|a DEM
|b DEM
|d 2020-10-16
|l 0
|o 304.6 GEO/U
|p DEM31
|r 2020-10-16
|w 2020-10-16
|y BK
|